• 首页
  • 本馆介绍
  • 公告通知
  • 最新文献
  • 馆藏检索
  • 电子资源
  • 读者导购
  • 参考咨询
  • 我的图书馆
  • 登录
  • 详细信息显示
  • 放入我的书架
  • 预约/预借图书
  • 作者相关作品
  • 分类相关作品
  • 丛书相关作品
  • 出版社相关作品

书目信息

  • 表格格式
  • 工作单格式
  • 卡片格式
题名:
生物信息学教程
    
 
作者: 蔡禄 编著
分册:  
出版信息: 北京   化学工业出版社  2007
页数: 305页
开本: 24cm
丛书名:
单 册:
中图分类: Q811.4
科图分类:
主题词: 生物信息论--高等学校--教材 , 生物信息论
电子资源:
ISBN: 978-7-5025-9606-4
000 00819nam0 2200253 450
001 012007360099
005 20070523092019.06
010    @a978-7-5025-9606-4@dCNY30.00
100    @a20070515d2007 km y0chiy0120 ea
101 0  @achi
102    @aCN@b110000
105    @aa z 000yy
106    @ar
200 1  @a生物信息学教程@Asheng wu xin xi xue jiao cheng@f蔡禄编著@Fcai lu bian zhu
210    @a北京@c化学工业出版社@d2007
215    @a305页@c图@d24cm
300    @a高等学校教材生物工程/生物技术系列
330    @a本书从生物信息学研究对象及主要研究内容、生物信息学资源、序列分析、序列比对、系统发生分析等几个方面进行了详细的介绍。
606 0  @a生物信息论@x高等学校@j教材
606 0  @a生物信息论
690    @aQ811.4@v4
701  0 @a蔡禄@Acai lu@4编著
801  0 @aCN@bRULIN@c20070523
905    @dQ811.4@e104@s8
    
    生物信息学教程/蔡禄编著.-北京:化学工业出版社,2007
    305页:图;24cm
    高等学校教材生物工程/生物技术系列
    
    ISBN 978-7-5025-9606-4:CNY30.00
    本书从生物信息学研究对象及主要研究内容、生物信息学资源、序列分析、序列比对、系统发生分析等几个方面进行了详细的介绍。
●
相关链接 在E读中查询图书 在五车中查询图书 在当当中查询图书 在豆瓣中查询图书


正题名:生物信息学教程     索取号:Q811.4/104         预约/预借

序号 登录号 条形码 馆藏地/架位号 状态 备注
1 0576858   205768588   第二样本阅览室/ [索取号:Q811.4/104] 在馆    
2 0576859   205768597   第三借阅区/ [索取号:Q811.4/104] 在馆    
3 0576860   205768604   第三借阅区/ [索取号:Q811.4/104] 在馆    
4 0576861   205768613   第三借阅区/ [索取号:Q811.4/104] 在馆    
5 0576862   205768622   第三借阅区/ [索取号:Q811.4/104] 在馆    
6 0576863   205768631   第三借阅区/ [索取号:Q811.4/104] 在馆    
7 0576864   205768640   第三借阅区/ [索取号:Q811.4/104] 在馆    
8 0576865   205768659   第三借阅区/ [索取号:Q811.4/104] 在馆    
唐山师范学院图书馆 欢迎您!
大连网信软件有限公司© 版权所有